000 00450pab a2200169 454500
008 180718b2007 xxu||||| |||| 00| 0 eng d
100 _aPrabhakara, M.S.
245 _aSeparatist movements in the North-East
260 _c2007
300 _ap.728-31.
362 _a3 Mar
650 _aIndia, North East - Politics and government
650 _aPolitics and government
773 _aEconomic and Political Weekly
908 _aN
909 _a73390
999 _c73390
_d73390